000 01067nam0a2200325 4500
001 RU\NLR\BIBL_A\011494952
005 20240727041021.0
010 _a9785227076403
_9100000
021 _aRU
_b2017-67875
_94810
035 _a(RuMoRGB)009386010
035 _a(NLR Aleph) 011494952
090 _a11966377
_c11966377
100 _a20171012d2017 u y0rusy50 ca
101 1 _arus
_ceng
102 _aRU
105 _ay|||z|||000ay
200 1 _aГубительные ласки
_eроман
_fКейтлин Крюс
_g[пер. с англ. Н.С. Сацюк]
_gАрлекин
210 _aМосква
_cЦентрполиграф
_d2017
215 _a157, [2] с.
_d16
225 1 _aЛюбовный роман
_v0744
225 1 _aПодари себе мечту
333 _a16+
686 _aШ5(7США)64-644
_2rubbk
686 1 _aШ6(7США)67-440.4{Лх1979-50}
700 1 _aКрюс
_bК.
_gКейтлин
942 _cBOOK
980 _aNBR